[Event "HUN-chT U18"]
[Site "Hajduboszormeny"]
[Date "2016.11.05"]
[Round "6.31"]
[White "Marta, Dominik"]
[Black "Horvath, Balazs"]
[Result "1/2-1/2"]
[WhiteElo "2032"]
[BlackElo "1970"]
[PlyCount "114"]
[EventDate "2016.11.02"]
[EventType "team-swiss"]
[EventRounds "8"]
[EventCountry "HUN"]
[SourceTitle "CBM 175 Extra"]
[Source "ChessBase"]
[SourceDate "2016.12.12"]
[SourceVersion "1"]
[SourceVersionDate "2016.12.12"]
[SourceQuality "1"]

1. Nf3 Nf6 2. g3 d5 3. d4 g6 4. Bg2 Bg7 5. 0-0 0-0 6. c4 c6 7. Ne5 Nfd7 8. cxd5 Nxe5 9. dxe5 Bxe5 10. Qb3 Qb6 11. Nc3 Qxb3 12. axb3 Rd8 13. Na4 a5 14. Bg5 f6 15. Be3 Bc7 16. Rfc1 Bd7 17. Nc5 Bc8 18. Nd3 Bf5 19. dxc6 Nxc6 20. Bxc6 bxc6 21. Rxc6 Bxd3 22. Rxc7 Bxe2 23. Rxe7 Rd1+ 24. Rxd1 Bxd1 25. Bd4 Ra6 26. Re3 Kf7 27. Bc5 h5 28. b4 axb4 29. Bxb4 g5 30. f4 g4 31. f5 Bc2 32. Re7+ Kg8 33. Re6 Ra1+ 34. Kf2 Bxf5 35. Rxf6 Bd7 36. Rg6+ Kh7 37. Rg5 Rb1 38. Bc3 Be8 39. Rg7+ Kh6 40. Re7 Ba4 41. Ke3 Rh1 42. Kf4 Rxh2 43. Re6+ Kh7 44. Kg5 Kg8 45. Rf6 Rg2 46. Kh6 Rxg3 47. Bb4 Rf3 48. Ra6 Bb3 49. Ra8+ Kf7 50. Kxh5 Rg3 51. Kg5 Rg2 52. Bc3 Ke6 53. Ra3 Bc4 54. b3 Bd5 55. Ra6+ Kd7 56. b4 Ra2 57. Rh6 g3 1/2-1/2

[Event "HUN-chT U18"]
[Site "Hajduboszormeny"]
[Date "2016.11.04"]
[Round "5.31"]
[White "Horvath, Balazs"]
[Black "Novak, Levente Peter"]
[Result "1/2-1/2"]
[WhiteElo "1970"]
[BlackElo "1710"]
[PlyCount "51"]
[EventDate "2016.11.02"]
[EventType "team-swiss"]
[EventRounds "8"]
[EventCountry "HUN"]
[SourceTitle "CBM 175 Extra"]
[Source "ChessBase"]
[SourceDate "2016.12.12"]
[SourceVersion "1"]
[SourceVersionDate "2016.12.12"]
[SourceQuality "1"]

1. g4 d5 2. Bg2 Nc6 3. h3 e5 4. e3 Bc5 5. c3 Bb6 6. d4 e4 7. c4 Nb4 8. Bf1 Ba5 9. Bd2 Be6 10. c5 c6 11. a3 Nd3+ 12. Bxd3 exd3 13. Bxa5 Qxa5+ 14. b4 Qa6 15. Nf3 h5 16. Ng5 hxg4 17. Nxe6 fxe6 18. Qxg4 Rh6 19. Qxg7 0-0-0 20. Rg1 Qc4 21. Nd2 Qc3 22. Rb1 Qxa3 23. Qf7 Rf6 24. Qh7 Rh6 25. Qg7 Qc3 26. Rh1 1/2-1/2

[Event "HUN-ch U16"]
[Site "Balatonlelle"]
[Date "2016.06.28"]
[Round "6"]
[White "Horvath, Balazs"]
[Black "Kaloczi, Kristof"]
[Result "1/2-1/2"]
[WhiteElo "2038"]
[BlackElo "1835"]
[PlyCount "53"]
[EventDate "2016.06.24"]
[EventType "swiss"]
[EventRounds "9"]
[EventCountry "HUN"]
[SourceTitle "CBM 173 Extra"]
[Source "ChessBase"]
[SourceDate "2016.08.29"]
[SourceVersion "1"]
[SourceVersionDate "2016.08.29"]
[SourceQuality "1"]

1. Nf3 d5 2. g3 g6 3. Bg2 Bg7 4. 0-0 e5 5. d3 Ne7 6. e4 dxe4 7. dxe4 0-0 8. Qe2 c6 9. Rd1 Qc7 10. Be3 Bg4 11. Bc5 Rd8 12. Na3 Na6 13. Rxd8+ Qxd8 14. Rd1 Qe8 15. Bd6 Rd8 16. Nc4 Nc8 17. Ba3 Nc7 18. Rxd8 Qxd8 19. Qd3 Qxd3 20. cxd3 Bxf3 21. Bxf3 Nb5 22. Bb4 Nd4 23. Bd1 f6 24. Bc3 c5 25. Bg4 Ne7 26. Nd6 b6 27. Bxd4 1/2-1/2

[Event "HUN-ch U16"]
[Site "Balatonlelle"]
[Date "2016.06.28"]
[Round "7"]
[White "Miszler, Levente"]
[Black "Horvath, Balazs"]
[Result "0-1"]
[WhiteElo "1918"]
[BlackElo "2038"]
[PlyCount "138"]
[EventDate "2016.06.24"]
[EventType "swiss"]
[EventRounds "9"]
[EventCountry "HUN"]
[SourceTitle "CBM 173 Extra"]
[Source "ChessBase"]
[SourceDate "2016.08.29"]
[SourceVersion "1"]
[SourceVersionDate "2016.08.29"]
[SourceQuality "1"]

1. Nf3 Nf6 2. g3 g6 3. Bg2 Bg7 4. d3 d5 5. 0-0 0-0 6. Nbd2 Ne8 7. c4 d4 8. b4 a5 9. b5 c6 10. a4 e5 11. Ba3 Nd6 12. Qb3 Re8 13. Rac1 Bh6 14. Rc2 f5 15. Re1 Nf7 16. e4 dxe3 17. fxe3 Nd7 18. Nf1 Nf6 19. Bb2 e4 20. dxe4 Nxe4 21. Bd4 c5 22. Bb2 b6 23. N1d2 Bb7 24. Nxe4 fxe4 25. Nd2 Rb8 26. Nf1 Qe7 27. Rd2 Rbd8 28. Red1 Rxd2 29. Rxd2 Qe6 30. Rf2 Bg7 31. Bxg7 Kxg7 32. Nd2 Qe5 33. Qc2 Nd6 34. Rf1 Nf5 35. Re1 h5 36. Nf1 h4 37. g4 Nh6 38. h3 Nf7 39. Rc1 Rd8 40. Rd1 Rxd1 41. Qxd1 Qe6 42. Qc2 Ng5 43. Kf2 Qf6+ 44. Ke1 Nf3+ 45. Ke2 Qa1 46. Bxf3 exf3+ 47. Kf2 Qe5 48. Qd2 Be4 49. Qd7+ Kf6 50. Qd8+ Kf7 51. Qd7+ Qe7 52. Qxe7+ Kxe7 53. Nd2 Bc2 54. Kxf3 Bxa4 55. Nb1 Bb3 56. Na3 g5 57. Ke4 Ke6 58. Kd3 Bd1 59. Nb1 Bf3 60. Nc3 Bg2 61. Na4 Bxh3 62. Ke2 Bxg4+ 63. Kf2 Bd1 64. Nxb6 Bb3 65. e4 a4 66. Nd5 Bxc4 67. Nc3 a3 68. b6 Kd6 69. e5+ Kc6 0-1

[Event "HUN-ch U16"]
[Site "Balatonlelle"]
[Date "2016.06.25"]
[Round "2"]
[White "Horvath, Balazs"]
[Black "Haselbach, David"]
[Result "1/2-1/2"]
[WhiteElo "2038"]
[BlackElo "2105"]
[PlyCount "48"]
[EventDate "2016.06.24"]
[EventType "swiss"]
[EventRounds "9"]
[EventCountry "HUN"]
[SourceTitle "CBM 173 Extra"]
[Source "ChessBase"]
[SourceDate "2016.08.29"]
[SourceVersion "1"]
[SourceVersionDate "2016.08.29"]
[SourceQuality "1"]

1. Nf3 Nf6 2. g3 g6 3. Bg2 Bg7 4. 0-0 0-0 5. c4 d6 6. Nc3 a6 7. d4 Nc6 8. e4 Rb8 9. d5 Na5 10. Nd2 c5 11. Qe2 b5 12. cxb5 axb5 13. Nxb5 Ba6 14. a4 Ne8 15. Nc4 Bxb5 16. axb5 Nb3 17. Ra2 Nd4 18. Qd3 Rxb5 19. Bd2 Nc7 20. Bc3 Qd7 21. Ra7 Ra8 22. Rfa1 Rbb8 23. Rxa8 Rxa8 24. Rxa8+ Nxa8 1/2-1/2

[Event "HUN-chT2 Charousek 1516"]
[Site "Hungary"]
[Date "2015.12.06"]
[Round "4.10"]
[White "Joo, Gabor"]
[Black "Horvath, Balazs"]
[Result "0-1"]
[WhiteElo "2037"]
[BlackElo "2018"]
[PlyCount "110"]
[EventDate "2015.10.18"]
[EventType "team-tourn"]
[EventRounds "9"]
[EventCountry "HUN"]
[SourceTitle "CBM 170 Extra"]
[Source "ChessBase"]
[SourceDate "2016.02.25"]
[SourceVersion "1"]
[SourceVersionDate "2016.02.25"]
[SourceQuality "1"]
[WhiteTeam "Haladas II"]
[BlackTeam "Decs 1990"]
[WhiteTeamCountry "HUN"]
[BlackTeamCountry "HUN"]

1. e4 e5 2. Nf3 Nc6 3. d4 exd4 4. Bc4 Nf6 5. e5 d5 6. Bb5 Ne4 7. Nxd4 Bd7 8. Bxc6 Bxc6 9. Nxc6 bxc6 10. Be3 Be7 11. 0-0 0-0 12. Nd2 f5 13. exf6 Nxf6 14. Nb3 Bd6 15. Bc5 Ne4 16. Bxd6 Qxd6 17. f3 Ng5 18. Qd2 Ne6 19. g3 c5 20. Rae1 Rf6 21. f4 h6 22. Re5 Rd8 23. Rfe1 d4 24. Qe2 Nf8 25. Nxc5 Qb6 26. Nd3 Rdd6 27. Re8 Rde6 28. Rxe6 Rxe6 29. Qf2 Rxe1+ 30. Qxe1 Qc6 31. Qe2 Qc4 32. a3 c5 33. Kf2 Qd5 34. Qf3 Qc4 35. Ne1 Qf7 36. b3 Kh8 37. Nd3 Qc7 38. Qd5 Nd7 39. Kf3 Nf6 40. Qa8+ Kh7 41. Ne5 Qa5 42. Nf7 Qc3+ 43. Kg2 Qxc2+ 44. Kg1 Qd1+ 45. Kg2 Qe2+ 46. Kg1 Qe1+ 47. Kg2 Qe2+ 48. Kg1 Qe3+ 49. Kg2 Ng4 50. Qf3 Qd2+ 51. Kh3 Nf2+ 52. Kh4 Qe3 53. Qxe3 dxe3 54. Ne5 e2 55. Nf3 Nd3 0-1

[Event "HUN-chT U18"]
[Site "Budapest"]
[Date "2015.08.27"]
[Round "3.34"]
[White "Geher, Koppany"]
[Black "Horvath, Balazs"]
[Result "1/2-1/2"]
[WhiteElo "1810"]
[BlackElo "2036"]
[PlyCount "90"]
[EventDate "2015.08.26"]
[EventType "team-swiss"]
[EventRounds "8"]
[EventCountry "HUN"]
[SourceTitle "EXT 2016"]
[Source "ChessBase"]
[SourceDate "2015.10.08"]
[SourceVersion "1"]
[SourceVersionDate "2015.10.08"]
[SourceQuality "1"]

1. e4 e5 2. Nf3 Nc6 3. Bb5 a6 4. Ba4 Nf6 5. d3 d6 6. h3 Be7 7. 0-0 0-0 8. c3 b5 9. Bc2 Nb8 10. Re1 Nbd7 11. Nbd2 Re8 12. Nf1 Bf8 13. Ng3 g6 14. Be3 c5 15. Qd2 Bb7 16. Bh6 Bg7 17. Bxg7 Kxg7 18. Qg5 Kh8 19. d4 cxd4 20. cxd4 exd4 21. Rad1 Nc5 22. Qh6 Ne6 23. Bb3 Qb6 24. e5 Ng8 25. Qd2 Bxf3 26. gxf3 dxe5 27. Rxe5 Rad8 28. Re4 Nf6 29. Rh4 d3 30. Bxe6 fxe6 31. Qc3 e5 32. Rxd3 Nd5 33. Qb3 Qb7 34. Ne4 Nf4 35. Rxd8 Rxd8 36. Ng5 Rd7 37. Kh2 h5 38. Qc3 Nd3 39. Nf7+ Rxf7 40. Qxd3 Qxf3 41. Qxf3 Rxf3 42. Kg2 Rf4 43. Rxf4 exf4 44. h4 Kg7 45. Kf3 Kf7 1/2-1/2

[Event "HUN-ch U14"]
[Site "Balatonlelle"]
[Date "2015.06.21"]
[Round "4"]
[White "Varga, Marcell"]
[Black "Horvath, Balazs"]
[Result "0-1"]
[WhiteElo "1478"]
[BlackElo "2115"]
[PlyCount "82"]
[EventDate "2015.06.18"]
[EventType "swiss"]
[EventRounds "9"]
[EventCountry "HUN"]
[SourceTitle "CBM 167 Extra"]
[Source "ChessBase"]
[SourceDate "2015.09.14"]
[SourceVersion "1"]
[SourceVersionDate "2015.09.14"]
[SourceQuality "1"]

1. e4 e5 2. Nf3 Nc6 3. Bc4 Bc5 4. c3 d6 5. d3 Nf6 6. Bg5 Bg4 7. Nbd2 h6 8. Bh4 0-0 9. 0-0 g5 10. Bg3 Nh5 11. b4 Bb6 12. Qb3 a5 13. a3 Qd7 14. Rac1 Nxg3 15. hxg3 Bxf3 16. Nxf3 Qg4 17. Kh1 Kg7 18. Nh2 Qh5 19. Rc2 axb4 20. axb4 Ra7 21. Ra2 Rfa8 22. Rxa7 Rxa7 23. Qc2 Ne7 24. Kg1 c6 25. Qd1 Qxd1 26. Rxd1 Ra3 27. Rc1 d5 28. exd5 cxd5 29. Bb5 Ra2 30. Ng4 h5 31. Nxe5 Bxf2+ 32. Kh1 Bxg3 33. Nf3 Ng6 34. Nxg5 Bf4 35. Rf1 Bxg5 36. Be8 f6 37. b5 h4 38. b6 Nf4 39. Bd7 Nxg2 40. Be6 Ne3 41. Re1 Rb2 0-1

[Event "HUN-ch U14"]
[Site "Balatonlelle"]
[Date "2015.06.20"]
[Round "3"]
[White "Horvath, Balazs"]
[Black "Bege, Mate"]
[Result "0-1"]
[WhiteElo "2115"]
[BlackElo "1999"]
[PlyCount "78"]
[EventDate "2015.06.18"]
[EventType "swiss"]
[EventRounds "9"]
[EventCountry "HUN"]
[SourceTitle "CBM 167 Extra"]
[Source "ChessBase"]
[SourceDate "2015.09.14"]
[SourceVersion "1"]
[SourceVersionDate "2015.09.14"]
[SourceQuality "1"]

1. e4 c5 2. Nf3 d6 3. d4 cxd4 4. Nxd4 Nf6 5. Nc3 Nc6 6. Bg5 Bd7 7. Be2 Qa5 8. Bxf6 gxf6 9. Nb3 Qg5 10. g3 f5 11. f4 Qh6 12. Qd2 Rc8 13. 0-0-0 fxe4 14. Nxe4 Bf5 15. Bd3 Bg4 16. Rde1 Bg7 17. h3 Bf3 18. Rhf1 Bxe4 19. Bxe4 Qf6 20. c3 0-0 21. g4 e5 22. fxe5 Qh4 23. exd6 Bh6 24. g5 Bxg5 25. Rg1 Qxe1+ 26. Rxe1 Bxd2+ 27. Nxd2 Rcd8 28. Nc4 f5 29. Bd5+ Kg7 30. b4 Rfe8 31. Rd1 Rd7 32. b5 Ne5 33. Nxe5 Rxe5 34. Bc6 Rd8 35. Bxb7 Rxb5 36. Bf3 Kf6 37. c4 Rc5 38. Bd5 Rxd6 39. Kb2 Rxc4 0-1

[Event "HUN-ch U14"]
[Site "Balatonlelle"]
[Date "2015.06.19"]
[Round "2"]
[White "Czumbel, Peter"]
[Black "Horvath, Balazs"]
[Result "1/2-1/2"]
[WhiteElo "1904"]
[BlackElo "2115"]
[PlyCount "45"]
[EventDate "2015.06.18"]
[EventType "swiss"]
[EventRounds "9"]
[EventCountry "HUN"]
[SourceTitle "CBM 167 Extra"]
[Source "ChessBase"]
[SourceDate "2015.09.14"]
[SourceVersion "1"]
[SourceVersionDate "2015.09.14"]
[SourceQuality "1"]

1. Nf3 Nf6 2. g3 g6 3. Bg2 Bg7 4. 0-0 0-0 5. d4 d6 6. a4 Nbd7 7. a5 e5 8. e3 e4 9. Nfd2 d5 10. c4 c6 11. Nc3 Re8 12. b4 Nf8 13. b5 Bg4 14. Qa4 h5 15. f3 exf3 16. Nxf3 Bxf3 17. Bxf3 h4 18. bxc6 bxc6 19. Qxc6 Rc8 20. Qb5 dxc4 21. Ra4 hxg3 22. hxg3 Qd6 23. Kg2 1/2-1/2

[Event "HUN-chT2 Asztalos 1415"]
[Site "Hungary"]
[Date "2015.04.26"]
[Round "9"]
[White "Mihalecz, Attila"]
[Black "Horvath, Balazs"]
[Result "0-1"]
[WhiteElo "2050"]
[BlackElo "1918"]
[PlyCount "49"]
[EventDate "2014.10.12"]
[EventType "team-tourn"]
[EventRounds "9"]
[EventCountry "HUN"]
[SourceTitle "EXT 2016"]
[Source "ChessBase"]
[SourceDate "2015.10.08"]
[SourceVersion "1"]
[SourceVersionDate "2015.10.08"]
[SourceQuality "1"]
[WhiteTeam "Nagyatad"]
[BlackTeam "Decs II"]
[WhiteTeamCountry "HUN"]
[BlackTeamCountry "HUN"]

1. e4 e5 2. Nc3 Nf6 3. f4 exf4 4. e5 Ng8 5. Nf3 d6 6. d4 g5 7. exd6 Bxd6 8. Qe2+ Kf8 9. h4 g4 10. Ne5 f3 11. gxf3 Nc6 12. Be3 Nxe5 13. dxe5 gxf3 14. Qxf3 Bxe5 15. Bc4 Qf6 16. Bc5+ Bd6 17. Qxf6 Nxf6 18. Bxd6+ cxd6 19. Rf1 Ke7 20. 0-0-0 Be6 21. Rde1 Rac8 22. Bb3 Rc5 23. Rxf6 Kxf6 24. Ne4+ Ke7 25. Nxc5 0-1

[Event "HUN-chT2 Asztalos 1415"]
[Site "Hungary"]
[Date "2015.03.22"]
[Round "8"]
[White "Revesz, Denes"]
[Black "Horvath, Balazs"]
[Result "0-1"]
[WhiteElo "1620"]
[BlackElo "1918"]
[PlyCount "24"]
[EventDate "2014.10.12"]
[EventType "team-tourn"]
[EventRounds "9"]
[EventCountry "HUN"]
[SourceTitle "EXT 2016"]
[Source "ChessBase"]
[SourceDate "2015.10.08"]
[SourceVersion "1"]
[SourceVersionDate "2015.10.08"]
[SourceQuality "1"]
[WhiteTeam "Kaposvar Bastya"]
[BlackTeam "Decs II"]
[WhiteTeamCountry "HUN"]
[BlackTeamCountry "HUN"]

1. e4 e5 2. Nf3 Nc6 3. Bb5 a6 4. Bxc6 dxc6 5. h3 Bc5 6. 0-0 Qf6 7. c3 Be6 8. d3 h6 9. Be3 Be7 10. Qc2 Bxh3 11. Nxe5 Bxg2 12. Nxf7 Bf3 0-1

[Event "HUN-chT2 Asztalos 1415"]
[Site "Hungary"]
[Date "2014.11.30"]
[Round "3"]
[White "Horvath, Balazs"]
[Black "Toth, Zsolt"]
[Result "1-0"]
[WhiteElo "1918"]
[BlackElo "1882"]
[PlyCount "51"]
[EventDate "2014.10.12"]
[EventType "team-tourn"]
[EventRounds "9"]
[EventCountry "HUN"]
[SourceTitle "EXT 2016"]
[Source "ChessBase"]
[SourceDate "2015.10.08"]
[SourceVersion "1"]
[SourceVersionDate "2015.10.08"]
[SourceQuality "1"]
[WhiteTeam "Decs II"]
[BlackTeam "Pecs Karmin"]
[WhiteTeamCountry "HUN"]
[BlackTeamCountry "HUN"]

1. e4 d5 2. exd5 Qxd5 3. Nc3 Qd6 4. d4 Nf6 5. Nf3 a6 6. Be2 g6 7. h3 Bg7 8. Be3 c6 9. Qd2 Nd5 10. Ne4 Qb4 11. c3 Qa5 12. Bh6 0-0 13. Bxg7 Kxg7 14. g4 Nf6 15. Ng3 h6 16. Ne5 Nh7 17. h4 Nd7 18. f4 Nxe5 19. dxe5 Qd5 20. Qe3 e6 21. Rg1 Qa5 22. f5 f6 23. fxg6 Qxe5 24. Qxe5 fxe5 25. gxh7 Kxh7 26. 0-0-0 1-0

[Event "HUN-chT2 Asztalos 1213"]
[Site "Hungary"]
[Date "2013.03.03"]
[Round "8.11"]
[White "Horvath, Balazs"]
[Black "Toth, Balazs"]
[Result "1-0"]
[WhiteElo "1833"]
[BlackElo "1749"]
[PlyCount "51"]
[EventDate "2012.09.16"]
[EventType "team-tourn"]
[EventRounds "9"]
[EventCountry "HUN"]
[SourceTitle "EXT 2014"]
[Source "ChessBase"]
[SourceDate "2013.11.20"]
[SourceVersion "1"]
[SourceVersionDate "2013.11.20"]
[SourceQuality "1"]
[WhiteTeam "Decs II"]
[BlackTeam "Pecs Karmin"]
[WhiteTeamCountry "HUN"]
[BlackTeamCountry "HUN"]

1. e4 d5 2. exd5 Qxd5 3. Nc3 Qa5 4. d4 Nf6 5. Bd2 Qb6 6. Nge2 Qxb2 7. Rb1 Qa3 8. Nb5 Qxa2 9. Nxc7+ Kd8 10. Nxa8 Nc6 11. Bf4 Nd5 12. c3 Qc4 13. Qb3 Qxb3 14. Rxb3 b6 15. c4 Nxf4 16. Nxf4 Bb7 17. Nxb6 axb6 18. d5 Nd4 19. Rxb6 Kc7 20. Rb1 g6 21. Bd3 Bh6 22. Ne2 Nxe2 23. Bxe2 e6 24. d6+ Kc8 25. 0-0 Ba6 26. Rb6 1-0

[Event "HUN-chT2 Asztalos 1213"]
[Site "Hungary"]
[Date "2013.02.17"]
[Round "7.11"]
[White "Haszon, Attila"]
[Black "Horvath, Balazs"]
[Result "1/2-1/2"]
[WhiteElo "1826"]
[BlackElo "1833"]
[PlyCount "79"]
[EventDate "2012.09.16"]
[EventType "team-tourn"]
[EventRounds "9"]
[EventCountry "HUN"]
[SourceTitle "EXT 2014"]
[Source "ChessBase"]
[SourceDate "2013.11.20"]
[SourceVersion "1"]
[SourceVersionDate "2013.11.20"]
[SourceQuality "1"]
[WhiteTeam "Marcali"]
[BlackTeam "Decs II"]
[WhiteTeamCountry "HUN"]
[BlackTeamCountry "HUN"]

1. d4 Nf6 2. Nf3 g6 3. g3 Bg7 4. Bg2 0-0 5. 0-0 d5 6. c3 Be6 7. Nbd2 Qc8 8. Re1 h6 9. Ne5 Nbd7 10. Nxd7 Qxd7 11. e4 Rfe8 12. e5 Nh7 13. f4 Bg4 14. Qc2 h5 15. Nf3 Bf5 16. Qe2 Be4 17. Nh4 Bxg2 18. Kxg2 Nf8 19. f5 Qc6 20. e6 fxe6 21. fxe6 Rad8 22. Bf4 Bf6 23. Nf3 Kh7 24. Ng5+ Bxg5 25. Bxg5 Rd6 26. Qf2 Nxe6 27. Qf7+ Ng7 28. Rxe7 Rxe7 29. Qxe7 Re6 30. Qf7 Qb5 31. Rf1 Re2+ 32. Rf2 Qxb2 33. Rxe2 Qxe2+ 34. Kg1 Qd1+ 35. Kg2 Qc2+ 36. Kg1 Qb1+ 37. Kg2 Qxa2+ 38. Kf3 Qc2 39. Bf6 Qe4+ 40. Kf2 1/2-1/2

[Event "HUN-chT2 Asztalos 1213"]
[Site "Hungary"]
[Date "2012.12.02"]
[Round "5.11"]
[White "Varga, Richard"]
[Black "Horvath, Balazs"]
[Result "0-1"]
[WhiteElo "1822"]
[BlackElo "1833"]
[PlyCount "48"]
[EventDate "2012.09.16"]
[EventType "team-tourn"]
[EventRounds "9"]
[EventCountry "HUN"]
[SourceTitle "EXT 2014"]
[Source "ChessBase"]
[SourceDate "2013.11.20"]
[SourceVersion "1"]
[SourceVersionDate "2013.11.20"]
[SourceQuality "1"]
[WhiteTeam "Nagyatad"]
[BlackTeam "Decs II"]
[WhiteTeamCountry "HUN"]
[BlackTeamCountry "HUN"]

1. e4 e6 2. d4 d5 3. Nd2 c5 4. exd5 exd5 5. Bb5+ Nc6 6. Ne2 a6 7. Bxc6+ bxc6 8. dxc5 Bxc5 9. Nb3 Bb6 10. a4 Ne7 11. a5 Bc7 12. 0-0 0-0 13. Bf4 Bxf4 14. Nxf4 Qc7 15. Nd3 Bf5 16. Ndc5 Ng6 17. Re1 Qf4 18. Ra4 Qg5 19. c3 Nh4 20. g3 Bc2 21. Qg4 Qxg4 22. Rxg4 Nf3+ 23. Kf1 Nxh2+ 24. Kg2 Nxg4 0-1

[Event "HUN-chT2 Asztalos 1213"]
[Site "Hungary"]
[Date "2012.09.16"]
[Round "1.11"]
[White "Horvath, Ferenc"]
[Black "Horvath, Balazs"]
[Result "0-1"]
[WhiteElo "1582"]
[BlackElo "1833"]
[PlyCount "120"]
[EventDate "2012.09.16"]
[EventType "team-tourn"]
[EventRounds "9"]
[EventCountry "HUN"]
[SourceTitle "EXT 2014"]
[Source "ChessBase"]
[SourceDate "2013.11.20"]
[SourceVersion "1"]
[SourceVersionDate "2013.11.20"]
[SourceQuality "1"]
[WhiteTeam "Kaposvar Bastya"]
[BlackTeam "Decs II"]
[WhiteTeamCountry "HUN"]
[BlackTeamCountry "HUN"]

1. e4 e5 2. Nf3 Nc6 3. c3 Nf6 4. d3 Be7 5. Be2 0-0 6. Nbd2 d5 7. exd5 Nxd5 8. Nc4 Bf6 9. 0-0 b5 10. Ncd2 Nf4 11. Ne4 Nxe2+ 12. Qxe2 Be7 13. h3 f5 14. Ng3 Bf6 15. Nh5 b4 16. Nxf6+ Qxf6 17. Be3 Ba6 18. c4 Nd4 19. Qd1 Bb7 20. Bxd4 exd4 21. Nd2 Qg5 22. f3 Qe3+ 23. Rf2 Qxd3 24. Rc1 c5 25. Qa4 a6 26. Nb3 Rac8 27. Qd7 Rf7 28. Qe6 Qe3 29. Qd6 Qe7 30. Qb6 Rf6 31. Qa5 Re6 32. Rff1 Re2 33. Qb6 Qg5 34. Rf2 Qe3 35. Rcf1 Rxf2 36. Rxf2 Qe7 37. Na5 Rc7 38. Nxb7 Rxb7 39. Qxa6 Ra7 40. Qc8+ Qf8 41. Qe6+ Kh8 42. b3 Re7 43. Qd5 f4 44. Kh2 Re1 45. Qg5 h6 46. Qh4 Qd6 47. Rd2 Qe5 48. Qf2 Qe3 49. h4 h5 50. Rb2 d3 51. Rd2 Qxf2 52. Rxf2 Re2 53. Rf1 Rxa2 54. Rd1 d2 55. g3 Kh7 56. gxf4 Kg6 57. Kg3 Kf5 58. Kf2 Kxf4 59. Ke2 Rb2 60. Rg1 Rxb3 0-1

[Event "HUN-chT2 Asztalos 1112"]
[Site "Hungary"]
[Date "2011.11.27"]
[Round "4.10"]
[White "Katona, Ivett"]
[Black "Horvath, Balazs"]
[Result "0-1"]
[WhiteElo "1495"]
[BlackElo "1870"]
[PlyCount "62"]
[EventDate "2011.09.25"]
[EventType "team-tourn"]
[EventRounds "11"]
[EventCountry "HUN"]
[SourceTitle "EXT 2013"]
[Source "ChessBase"]
[SourceDate "2012.11.22"]
[SourceVersion "1"]
[SourceVersionDate "2012.11.22"]
[SourceQuality "1"]
[WhiteTeam "Dunaujvaros"]
[BlackTeam "Decs II"]
[WhiteTeamCountry "HUN"]
[BlackTeamCountry "HUN"]

1. e4 e5 2. d4 exd4 3. Qxd4 Nc6 4. Qa4 Bc5 5. Nf3 a6 6. Nc3 Nge7 7. Bg5 d6 8. Nd5 Bd7 9. Qb3 b5 10. a3 h6 11. Bh4 0-0 12. Qc3 Nxd5 13. exd5 Ne7 14. 0-0-0 a5 15. Bxb5 Bxb5 16. Rhe1 Re8 17. g4 Qd7 18. h3 Ng6 19. Bg3 a4 20. Nh2 Rxe1 21. Rxe1 Re8 22. f4 Rxe1+ 23. Qxe1 Qe8 24. Qxe8+ Bxe8 25. f5 Be3+ 26. Kd1 Bf4 27. Nf1 Bxg3 28. fxg6 Be5 29. gxf7+ Bxf7 30. c3 Bxd5 31. Ne3 Bb3+ 0-1

[Event "HUN-chT U18"]
[Site "Miskolc"]
[Date "2011.11.03"]
[Round "3.6"]
[White "Horvath, Balazs"]
[Black "Zsirai, Andras"]
[Result "1/2-1/2"]
[WhiteElo "1630"]
[BlackElo "1749"]
[PlyCount "89"]
[EventDate "2011.11.02"]
[EventType "team-swiss"]
[EventRounds "8"]
[EventCountry "HUN"]
[SourceTitle "EXT 2012"]
[Source "ChessBase"]
[SourceDate "2011.11.24"]
[SourceVersion "1"]
[SourceVersionDate "2011.11.24"]
[SourceQuality "1"]
[WhiteTeam "Decs"]
[BlackTeam "Tungsram"]
[WhiteTeamCountry "HUN"]
[BlackTeamCountry "HUN"]

1. e4 e6 2. d4 d5 3. Nc3 h6 4. e5 c5 5. Be3 Nd7 6. f4 b6 7. Nf3 Ne7 8. Bb5 Qc7 9. Be2 Nf5 10. Bf2 Nxd4 11. Nxd4 cxd4 12. Bxd4 Nc5 13. Bb5+ Bd7 14. Bxd7+ Qxd7 15. 0-0 Be7 16. a3 Rc8 17. b4 Na4 18. Nxa4 Qxa4 19. c3 Qxd1 20. Raxd1 Rc4 21. Ra1 Kd7 22. Rfd1 f6 23. a4 Kc6 24. a5 Kb7 25. Ra2 fxe5 26. fxe5 Rhc8 27. axb6 axb6 28. Kf2 R4c7 29. Rda1 Kc6 30. Ra6 Rb8 31. R1a5 Kd7 32. Rb5 Rc6 33. Rbxb6 Rcxb6 34. Rxb6 Rxb6 35. Bxb6 Kc6 36. Bd4 Kb5 37. Ke2 Kc4 38. Bc5 Bxc5 39. bxc5 Kxc5 40. Kd3 Kc6 41. Kd4 Kb5 42. h3 Kb6 43. Ke3 Kb5 44. Kd4 Kb6 45. Ke3 1/2-1/2

[Event "HUN-chT U18"]
[Site "Miskolc"]
[Date "2011.11.03"]
[Round "2.6"]
[White "Meszaros, Edmond Vilmos"]
[Black "Horvath, Balazs"]
[Result "0-1"]
[WhiteElo "1664"]
[BlackElo "1630"]
[PlyCount "104"]
[EventDate "2011.11.02"]
[EventType "team-swiss"]
[EventRounds "8"]
[EventCountry "HUN"]
[SourceTitle "EXT 2012"]
[Source "ChessBase"]
[SourceDate "2011.11.24"]
[SourceVersion "1"]
[SourceVersionDate "2011.11.24"]
[SourceQuality "1"]
[WhiteTeam "Kisber Aszar"]
[BlackTeam "Decs"]
[WhiteTeamCountry "HUN"]
[BlackTeamCountry "HUN"]

1. Nf3 Nf6 2. Nc3 Nc6 3. e4 e5 4. d4 exd4 5. Nxd4 Bb4 6. Nxc6 bxc6 7. f3 0-0 8. Bd3 Bc5 9. Qe2 d5 10. Na4 dxe4 11. Bxe4 Nxe4 12. fxe4 Bd6 13. 0-0 a5 14. Re1 Qh4 15. g3 Bxg3 16. Bg5 Qxg5 17. hxg3 Qxg3+ 18. Qg2 Qxg2+ 19. Kxg2 Re8 20. Rad1 f5 21. exf5 Bxf5 22. Rxe8+ Rxe8 23. Rd2 Bg4 24. Nc3 h5 25. Rd4 Re7 26. Rc4 Rf7 27. Kg1 Bd7 28. Ne2 Rf6 29. Nf4 Bg4 30. Nd3 Be2 31. Rc5 a4 32. Nb4 Bf3 33. Na6 Rf7 34. Rc3 Bd5 35. Nb4 Rd7 36. a3 Rd6 37. Nxd5 Rxd5 38. Rxc6 Rd1+ 39. Kg2 Rb1 40. Rxc7 Rxb2 41. Kh3 Ra2 42. Rc3 Kh7 43. Kh4 Kh6 44. Rc4 g6 45. Rc3 Ra1 46. Kg3 Rg1+ 47. Kf2 Rg4 48. Rc8 h4 49. c4 Rg3 50. c5 Rxa3 51. c6 Rc3 52. c7 Kg5 0-1

[Event "HUN-ch U10"]
[Site "Celldoemoelk"]
[Date "2011.06.28"]
[Round "3"]
[White "Horvath, Balazs"]
[Black "Erseki, Aron"]
[Result "0-1"]
[WhiteElo "1618"]
[BlackElo "1362"]
[PlyCount "72"]
[EventDate "2011.06.27"]
[EventType "swiss"]
[EventRounds "9"]
[EventCountry "HUN"]
[SourceTitle "EXT 2012"]
[Source "ChessBase"]
[SourceDate "2011.11.24"]
[SourceVersion "1"]
[SourceVersionDate "2011.11.24"]
[SourceQuality "1"]

1. e4 c5 2. Nf3 d6 3. d4 cxd4 4. Nxd4 Nf6 5. Nc3 a6 6. Be2 b5 7. Bf3 Bb7 8. 0-0 Qc7 9. Be3 e6 10. Re1 Be7 11. a3 0-0 12. Nb3 Rd8 13. Bd2 Nc6 14. a4 b4 15. Na2 a5 16. c3 bxc3 17. Nxc3 Ba6 18. Rc1 Qd7 19. e5 dxe5 20. Bxc6 Qxc6 21. Nb5 Qd7 22. Rc7 Qe8 23. Rxe5 Bxb5 24. Rxb5 Bb4 25. f3 Bxd2 26. Nxd2 Rd7 27. Rbc5 Rxc7 28. Rxc7 Qd8 29. Qc1 Qd4+ 30. Kh1 Qxa4 31. Nb3 h6 32. Rc8+ Rxc8 33. Qxc8+ Kh7 34. Qc2+ g6 35. h3 Nd5 36. Nd4 Qxd4 0-1